Education policy analysis: 1997
Guardat en:
| Autor corporatiu: | |
|---|---|
| Format: | Llibre |
| Idioma: | anglès |
| Publicat: |
París
OECD
1997
|
| Matèries: | |
| Etiquetes: |
Afegir etiqueta
Sense etiquetes, Sigues el primer a etiquetar aquest registre!
|
MARC
| LEADER | 00000cam a2200000 a 4500 | ||
|---|---|---|---|
| 001 | UCG9088 | ||
| 003 | CL-VaPUC | ||
| 008 | 120120e19970000FR |||||||||||||||||eng|d | ||
| 020 | |a 9789264156828 | ||
| 082 | 0 | 4 | |a 379.01 |b CEN |2 21 |
| 110 | 2 | |a Centre for Educational Research and Innovation |e author |9 560491 | |
| 245 | 1 | 0 | |a Education policy analysis: 1997 |
| 300 | |a 118 p | ||
| 942 | |c BK | ||
| 945 | |d 20120120 00:00:00 |a dcastane | ||
| 260 | |a París |b OECD |c 1997 | ||
| 650 | 0 | |a Educación |9 258661 | |
| 650 | 0 | |a Crítica e interpretación |9 255042 | |
| 650 | 0 | |a Filosofía de la educación |9 258384 | |
| 583 | |a last modification |c 20120120 10:38:00 |k Rodrigo Vera | ||
| 999 | |c 346662 |d 346660 | ||
| 952 | |0 0 |1 0 |4 0 |6 379_010000000000000_CEN_1997 |7 0 |8 ED_SUP |9 447462 |a BIBGIM |b BIBGIM |c S_PSTGRDO |d 2019-11-22 |i 4835913 |o 379.01 CEN 1997 |p 4835913 |r 2025-01-15 |w 2019-11-22 |y BK_X |k ESU | ||